Discographie Carpenter Brut - Statistiques

Statistiques générales
  • Ce quiz a été pris 2 fois
  • Le résultat moyen est 34 sur 38
Statistiques - réponses
Album EP Réponse % Correct
Trilogy EP I 347 Midnight Demons
100%
Trilogy EP III Anarchy Road
100%
Leather Teeth Beware The Beast
100%
Leather Teeth Cheerleader Effect
100%
Leather Terror Day Stalker
100%
Trilogy EP I Disco Zombi Italia
100%
Leather Teeth End Titles
100%
Trilogy EP I Escape From Midwich Valley
100%
Leather Terror « …Good Night, Goodbye »
100%
Leather Teeth Hairspray Hurricane
100%
Trilogy EP II Hang'em All
100%
Leather Terror Imaginary Fire
100%
Leather Teeth Inferno Galore
100%
Leather Teeth Leather Teeth
100%
Leather Terror Leather Terror
100%
Trilogy EP I Le Perv
100%
Leather Terror Lipstick Masquerade
100%
Trilogy EP II Looking For Tracy Tzu
100%
Trilogy EP II Meet Matt Stryker
100%
Leather Teeth Monday Hunt
100%
Leather Terror Night Prowler
100%
Leather Terror Opening Title
100%
Trilogy EP III Paradise Warfare
100%
Leather Terror Paradisi Gloria
100%
Trilogy EP II Roller Mobster
100%
Trilogy EP III Run, Sally, Run!
100%
Trilogy EP II Sexkiller On The Loose
100%
Leather Terror Stabat Mater
100%
Leather Teeth Sunday Lunch
100%
Leather Terror The Widow Maker
100%
Trilogy EP III Turbo Killer
100%
Trilogy EP I Wake Up The President
100%
Trilogy EP III Division Ruine
50%
Trilogy EP I L.A. Venice Bitch 80's
50%
Trilogy EP II Obituary
50%
Leather Terror Straight Outta Hell
50%
Leather Terror Color Me Blood
0%
Trilogy EP III Invasion A.D.
0%
Aucun quiz correspondant
Distribution des résultats
% des personnes avec chaque résultat
Percentile par nombre de réponses
Votre historique - résultats
Vous n’avez pas pris ce quiz